1: Teoria e tecnica dello spettacolo, 1918-1942 /
I tiakina i:
| Kaituhi matua: | |
|---|---|
| Ētahi atu kaituhi: | |
| Hōputu: | Pukapuka |
| Reo: | Itāriana |
| I whakaputaina: |
Torino :
Einaudi,
1975
|
| Rangatū: | Saggi ;
539 |
| Ngā Tūtohu: |
Kāore He Tūtohu, Me noho koe te mea tuatahi ki te tūtohu i tēnei pūkete!
|
MARC
| LEADER | 00000nam a22000007ib4500 | ||
|---|---|---|---|
| 001 | IT\ICCU\SBL\0575345 | ||
| 003 | ItRI | ||
| 005 | 20260115232227.0 | ||
| 008 | 910930s1975 it |||||| ||||| |||||c | ||
| 015 | |2 IT |a 763071 | ||
| 040 | |b ita |c importazione bologna sebina | ||
| 041 | 7 | |a ita |2 ISO-639-2 | |
| 100 | 1 | |a Brecht, Bertolt |0 IT\ICCU\CFIV\001172 |4 aut | |
| 245 | 1 | 3 | |a 1: Teoria e tecnica dello spettacolo, 1918-1942 / |c Bertolt Brecht ; introduzione di Emilio Castellani. |
| 260 | |a Torino : |b Einaudi, |c 1975 | ||
| 300 | |a XXV, 262 p. ; |c 22 cm. | ||
| 700 | 1 | |a Castellani, Emilio |0 IT\ICCU\CFIV\078323 |4 aui | |
| 773 | 0 | |w IT\ICCU\RAV\0079432 |t Scritti teatrali |g 1 |a Brecht, Bertolt |0 IT\ICCU\CFIV\001172 | |
| 790 | 1 | |a Brecht, Bertholt |3 IT\ICCU\CFIV\132054 |z Brecht, Bertolt | |
| 790 | 1 | |a Brecht, Bertold |3 IT\ICCU\NAPV\085293 |z Brecht, Bertolt | |
| 790 | 1 | |a Brecht, Eugen Berthold Friedrich |3 IT\ICCU\SBNV\057020 |z Brecht, Bertolt | |
| 830 | 0 | |a Saggi ; |v 539 |0 IT\ICCU\CFI\0000099 | |
| 942 | |2 ddc |c BK |n 0 | ||
| 952 | |0 0 |1 0 |4 0 |6 DOC_792_900000000000000_BRE |7 0 |9 22404 |a BO |b BO |d 2026-01-15 |i 5658 |l 0 |o DOC 792.9 BRE |p BO5658 |r 2026-01-15 23:22:27 |w 2026-01-15 |x [Sebina 5] [V. 1-3] |y BK |z V. 1 | ||
| 999 | |c 19136 |d 19136 | ||